000 00881nam a2200241 a 4500
999 _c11290
_d11290
001 11290
003 BD-JhCC
005 20220804134023.0
008 190622s 2018bg a|||| ||a| 000 0 mul d
020 _a9789849008080775
035 _a(BD-JhCC)11290
040 _aBD-JhCC
_dBD-JhCC
041 _amul
082 _bBAN 2018
_a920
245 _aবঙ্গমাতা ফজিলাতুন্নেছা মুজিব /
_cসম্পাদিত: অধ্যাপক ড. এস এম আনোয়ারা ।
260 _aঢাকা:
_bন্যাশনাল পাবলিকেশন;
_c২০১৮.
300 _a২২১ পৃ. :
_bill;
_c২২ সেমি.
600 _aFazilatunnesa
650 _aBiography
700 _aআনোয়ারা, অধ্যাপক ড. এস এম
942 _2ddc
_cBK
_02